000 00781nam a22002415i 4500
001 177771
003 ES-MaACL
005 20230906220417.0
008 110420s1928 sp |||| | spa d
080 _a330.342.14
100 1 _aSombart, Werner.
_9107262
245 1 0 _aLujo y capitalismo /
_cWerner Sombart ; traducción del alemán por Luis Isábal.
260 _aMadrid :
_bRevista de Occidente,
_c[1928]
300 _a282 p. ;
_c18 cm.
490 1 _aNuevos hechos, nuevas ideas ;
_v26
504 _aBibliografía: p. 273-279.
650 0 0 _aLujo.
_914713
650 0 4 _aCapitalismo-
_zEuropa.
_910765
700 1 _aIsábal, Luis.
_965517
830 1 _aNuevos hechos, nuevas ideas ;
_v26
_9184426
852 _aES-MaACL
_jE-14976
_xOlim P-209
999 _c177771
_d177771